Tục ngữ-ca dao-câu đố-dân ca người Sán Dìu Vĩnh Phúc
Giới thiệu khái quát về nền văn hóa truyền thống Sán Dìu ở Việt Nam nói chung và ở tỉnh Vĩnh Phúc nói riêng. Đề cập đến tục ngữ, ca dao, câu đố, dân ca của người Sán Dìu ở Vĩnh Phúc.
Đã lưu trong:
| Tác giả chính: | |
|---|---|
| Định dạng: | Sách |
| Năm xuất bản: |
H.
Hội nhà van
2016
|
| Chủ đề: | |
| Tags: |
Thêm thẻ
Không có thẻ, Hãy là người đầu tiên gắn thẻ bản ghi này!
|
| LEADER | 00954nam a2200217 4500 | ||
|---|---|---|---|
| 999 | |c 14452 |d 14452 | ||
| 082 | |a 398.8 |b L119V | ||
| 100 | |a Lâm Văn Hùng | ||
| 245 | |a Tục ngữ-ca dao-câu đố-dân ca người Sán Dìu Vĩnh Phúc |c Lâm Văn Hùng sưu tầm, biên dịch | ||
| 260 | |a H. |b Hội nhà van |c 2016 | ||
| 300 | |a 303tr. |c 21cm | ||
| 520 | |a Giới thiệu khái quát về nền văn hóa truyền thống Sán Dìu ở Việt Nam nói chung và ở tỉnh Vĩnh Phúc nói riêng. Đề cập đến tục ngữ, ca dao, câu đố, dân ca của người Sán Dìu ở Vĩnh Phúc. | ||
| 653 | |a Văn hóa dân gian | ||
| 653 | |a Tục ngữ | ||
| 653 | |a Ca dao | ||
| 653 | |a Câu đố | ||
| 653 | |a Dân ca | ||
| 653 | |a Người Sán Dìu | ||
| 653 | |a Vĩnh Phúc | ||
| 942 | |2 ddc |c SH | ||
| 952 | |0 0 |1 0 |2 ddc |4 0 |6 398_800000000000000_L119V |7 0 |8 300 |9 111437 |a qbu |b qbu |c D2 |d 2017-08-03 |g 60000 |o 398.8 L119V |p 12461.c1 |r 2017-08-03 |w 2017-08-03 |y SH | ||